| 000 | 00436pab a2200157 454500 | ||
|---|---|---|---|
| 008 | 180718b2005 xxu||||| |||| 00| 0 eng d | ||
| 100 | _aKessides, Ioannis, N. | ||
| 245 | _aInfrastructure privatization and regulation: promises and perils | ||
| 260 | _c2005 | ||
| 300 | _ap.81-108. | ||
| 362 | _aSpring | ||
| 650 | _aPrivatization | ||
| 650 | _aInfrastructure development | ||
| 773 | _aWorld Bank Research Observer | ||
| 909 | _a65094 | ||
| 999 |
_c65094 _d65094 |
||